[Event "Mahilong Birla Memorial 23 rd"]
[Site "Mahilong"]
[Date "2024.07.22"]
[Round "8"]
[White "Manish, Sharma"]
[Black "Vedant, Rajesh"]
[Result "1-0"]
[WhiteElo "1780"]
[BlackElo "1592"]
[PlyCount "129"]
[EventDate "2024.07.20"]
[EventType "swiss"]
[EventRounds "9"]
[EventCountry "IND"]
[SourceTitle "EXT 2025"]
[Source "ChessBase"]
[SourceDate "2024.10.14"]
[SourceVersion "1"]
[SourceVersionDate "2024.10.14"]
[SourceQuality "1"]

1. c4 c5 2. Nc3 Nc6 3. e4 d6 4. Nf3 Nf6 5. d4 cxd4 6. Nxd4 Nxd4 7. Qxd4 e5 8. Qd1 Be6 9. Be2 Be7 10. 0-0 0-0 11. Be3 b6 12. f3 Nd7 13. Qd2 Rc8 14. b3 Nb8 15. Rfd1 Qd7 16. Rac1 Rfd8 17. a4 Nc6 18. Nd5 Na5 19. Qb2 Nb7 20. f4 exf4 21. Bxf4 Bxd5 22. Rxd5 Nc5 23. Qc2 Qe8 24. Rcd1 Bf6 25. Bg4 Ra8 26. Rxd6 Rxd6 27. Rxd6 Qxe4 28. Qxe4 Nxe4 29. Bf3 Re8 30. Rd7 Nc5 31. Rxa7 Nd3 32. Bg3 b5 33. Ra8 Bd4+ 34. Kf1 Rxa8 35. Bxa8 bxa4 36. bxa4 Kf8 37. a5 Ke7 38. a6 Ba7 39. Bc6 f6 40. Ke2 Ne5 41. Bb5 Kd6 42. Bf2 Bxf2 43. Kxf2 Kc7 44. c5 h6 45. h3 g6 46. Ke3 h5 47. Ke4 g5 48. Kf5 g4 49. Kxf6 gxh3 50. gxh3 Nf3 51. a7 Kb7 52. a8Q+ Kxa8 53. Bc6+ Kb8 54. Bxf3 h4 55. Kg5 Kc7 56. Kxh4 Kc8 57. Kg5 Kc7 58. h4 Kc8 59. h5 Kc7 60. h6 Kb8 61. h7 Ka7 62. h8Q Ka6 63. Qb8 Ka5 64. Qb3 Ka6 65. Qa4# 1-0

[Event "Mahilong Birla Memorial 23 rd"]
[Site "Mahilong"]
[Date "2024.07.21"]
[Round "5"]
[White "Debanjan, Sinha"]
[Black "Manish, Sharma"]
[Result "1-0"]
[WhiteElo "1724"]
[BlackElo "1780"]
[PlyCount "55"]
[EventDate "2024.07.20"]
[EventType "swiss"]
[EventRounds "9"]
[EventCountry "IND"]
[SourceTitle "EXT 2025"]
[Source "ChessBase"]
[SourceDate "2024.10.14"]
[SourceVersion "1"]
[SourceVersionDate "2024.10.14"]
[SourceQuality "1"]

1. e4 e5 2. Nf3 Nc6 3. Bc4 Bc5 4. d3 Nf6 5. c3 0-0 6. 0-0 h6 7. d4 exd4 8. cxd4 Bb6 9. d5 Ne7 10. e5 Nh7 11. d6 Nc6 12. Nc3 a6 13. Re1 Ba5 14. Bd2 Bxc3 15. Bxc3 Ng5 16. Nxg5 Qxg5 17. Re3 Qf4 18. Bd5 Nd8 19. Rf3 Qh4 20. dxc7 Ne6 21. Bxe6 fxe6 22. Rxf8+ Kxf8 23. Qf3+ Kg8 24. Rd1 Qc4 25. Rd4 Qc6 26. Qh5 Qxc7 27. Qe8+ Kh7 28. Rg4 1-0